| 000 | 00989nam a2200277Ia 4500 | ||
|---|---|---|---|
| 001 | Para_2952 | ||
| 003 | CHAP | ||
| 008 | 220125s1982 xx 000 0 und d | ||
| 010 | _a201492 | ||
| 040 | _cCHAP | ||
| 090 | _aPA FOLLETO 2961 | ||
| 100 |
_aCarrillo Ramírez, Humberto _919530 |
||
| 245 |
_aCombate de las plagas del frijol en suelos mecanizables de Quintana Roo / _c por Humberto Carrillo Ramírez, Benito Alvarado Rodríguez |
||
| 260 |
_aChetumal, Q. R. : _b INIA. Campo Agrícola Experimental Zona Henequenera |
||
| 300 | _a12 p. | ||
| 440 |
_aFolleto para productores; 7 _9166387 |
||
| 650 |
_aControl de plagas Frijol _x Plagas _9166418 |
||
| 710 |
_aInstituto Nacional de Investigaciones Agrícolas (México). Campo Agrícola Experimental Zona Henequenera _9164799 |
||
| 901 | _aPA FOLLETO 2961 | ||
| 902 | _aA | ||
| 905 | _a0000001982 CHEa 0000000000 00 | ||
| 910 | _a1982 | ||
| 942 | _cPARA | ||
| 942 |
_cPARA _d1 |
||
| 999 |
_c201492 _d201492 |
||